000 00953nam a22002417a 4500
005 20100814152149.0
008 090109t xxu||||| |||| 00| 0urd d
010 _a UR-7729
020 _c150.00
035 _aU-6284
040 _adpl
_burd
082 _a320.54
100 _912785
_aابوذرکما الدین
245 _aسیکولرزم بھارت اور مسلمان /
_cابوذرکما الدین
246 _aSecularism-Bharat Aur Musalmaan /
_bby Abuzar Kamaluddin
260 _aنئ دہلی
_c2009
_bاردو بک ریویو
270 _bNew Delhi
_a1739/3, Basement New Kohinoor Hotel, Daryagang
_k23266347
_e110002
300 _a188 ص
_c22 س م (Hb)
650 _2critisim
_912786
700 _913088
942 _2ddc
_cUR
_h320.54
_mا ب و
999 _c41961
_d41961